Territoriaľnoje samoupravlenije v Slovakii na različnych etapach istorii strany

Regionálna samospráva Slovenskej republiky v rôznych obdobiach histórie: v období Veľkej Moravy, za vlády uhorského kráľa Štefana, v 17.-18. stor., po roku 1848 a po roku 1918.

Salvato in:
Dettagli Bibliografici
Autore principale: Bujnová, Helena
Natura: Capitolo di libro
Lingua:russo
Soggetti:
Tags: Aggiungi Tag
Nessun Tag, puoi essere il primo ad aggiungerne!!

MARC

LEADER 00000naa$a2200000$$$4500
001 0150964
005 20240502083345.0
041 0 |a rus 
044 |a RU 
245 1 0 |a Territoriaľnoje samoupravlenije v Slovakii na različnych etapach istorii strany  |c E. Bujnová 
520 |a Regionálna samospráva Slovenskej republiky v rôznych obdobiach histórie: v období Veľkej Moravy, za vlády uhorského kráľa Štefana, v 17.-18. stor., po roku 1848 a po roku 1918. 
610 2 0 |a samospráva regionálna 
610 2 0 |a mestá 
610 2 0 |a obce 
610 2 0 |a história 
610 2 0 |a vývoj 
610 2 0 |a dejiny 
610 2 0 |a Slovensko 
100 1 |a Bujnová, Helena